| 000 | 00677nam a22002417a 4500 | ||
|---|---|---|---|
| 001 | 90923 | ||
| 003 | UA-OsUOA | ||
| 005 | 20260129120344.0 | ||
| 007 | ta | ||
| 008 | 20121120b un ||||| |||| 00| 0 ukr d | ||
| 020 | _a5333006806 | ||
| 040 |
_aUA-OsUOA _bukr _cUA-OsUOA _dUA-OsUOA |
||
| 041 | _aukr | ||
| 080 | _a821.161.2 | ||
| 090 |
_a821.161.2 _bП40 |
||
| 100 |
_aПлужник Є. _923077 |
||
| 245 |
_aЗмова у Києві _bроман, п'єси _cЄіген Плужник |
||
| 260 |
_aК. _bУкр. письменник _c1992 |
||
| 300 | _a428 с. | ||
| 650 | 7 |
_a821.161.2 Українська література _2UDC _941 |
|
| 942 |
_cBK _2udc |
||
| 955 | _a3 | ||
| 999 |
_c377210 _d377210 |
||